000 00276nam a2200121Ia 4500
008 190216s9999||||xx |||||||||||||| ||und||
100 _aGupta
245 0 _aFundamentals Of Insurance
260 _bHimalaya Publishing House
300 _a236
650 _aCommerce
942 _cBK
999 _c6904
_d6904